[Event "Stay Safe Play From Home 243"]
[Site "Emanuel Lasker Arena"]
[Date "2020.06.21"]
[Round "1"]
[White "Greblha"]
[Black "Skmishra"]
[Result "1-0"]
[WhiteElo "1932"]
[BlackElo "1176"]
[Annotator "TA"]
[PlyCount "59"]
[EventDate "2020.06.21"]
[EventType "swiss (blitz)"]

{[%evp 9,59,20,21,16,20,7,10,7,41,-14,32,4,37,11,39,0,37,2,14,-15,60,64,130,122,260,52,62,-27,-34,-35,-22,-32,-66,-127,-101,-141,-148,-152,-152,-153,-150,-143,-134,-191,-156,-178,-71,-86,-50,-54,-16,-11]} 1. e4 c5 2. Nc3 d6 3. g3 e5 4. Bg2 Nf6 5. d3 Nc6 6. Be3 {B24: Closed Sicilian: 3 g3 sidelines.} Bg4 7. Qd2 Be7 8. h3 Be6 {[#]} 9. f4 $146 ({Better is} 9. Nd5 $14) ({Predecessor:} 9. g4 d5 10. g5 d4 11. gxf6 Bxf6 12. Nf3 dxe3 13. fxe3 Bh4+ 14. Nxh4 Qxh4+ 15. Qf2 Qxf2+ 16. Kxf2 {1-0 (54) Medvegyne Balogh,E (2081)-Borda,L (2085) Budapest 2004}) 9... a6 10. Nf3 Nd4 11. O-O Qc7 12. Ne2 O-O 13. f5 Bd7 14. c3 Nc6 (14... Nxe2+ $11 15. Qxe2 c4) 15. g4 $14 c4 (15... d5 $14) 16. Ng3 $16 d5 {[#]} (16... cxd3 $16 17. g5 (17. Qxd3 h6 $14) 17... Nxe4 18. Nxe4 d5) 17. exd5 $2 (17. g5 $1 $18) 17... Nxd5 $14 18. dxc4 (18. Ne1 $1 $14 Nxe3 19. Qxe3) 18... Nxe3 $11 19. Qxe3 Na5 $1 {[%cal Bc6a5,Ba5c4,Bc4e3][%mdl 32] Threatens to win with ...Bc5.} 20. Ne4 ({But not} 20. Qxe5 $2 Bd6 $19) 20... Nxc4 {[%mdl 64] [#] Double Attack} 21. Qc1 ({White should try} 21. Qe2 $15) 21... f6 22. Kh2 Bc6 $36 {[%mdl 2048] Black has strong initiative.} 23. Nfd2 Ne3 24. Re1 Nxg2 25. Kxg2 Rfd8 26. Nb3 (26. Qc2 $17) 26... b5 27. Qe3 Qb7 (27... a5 $19 {has better winning chances.} 28. Rad1 a4) 28. Kg3 Bxe4 29. Qxe4 Qb6 30. Rad1 {[%mdl 32768] White used his chance. Accuracy: White = 38%, Black = 33%. . Loss on time!?} 1-0

[Event "Stay Safe Play From Home 243"]
[Site "Emanuel Lasker Arena"]
[Date "2020.06.21"]
[Round "1"]
[White "Haris kollari 13"]
[Black "Matanant"]
[Result "0-1"]
[WhiteElo "1855"]
[BlackElo "1753"]
[Annotator "NA RC"]
[PlyCount "82"]
[EventDate "2020.06.21"]
[EventType "swiss (blitz)"]

1. e4 {[%emt 0:00:01]} e5 {[%emt 0:00:02]} 2. Nf3 {[%emt 0:00:01]} d5 {[%emt 0:00:02]} 3. exd5 {[%emt 0:00:02]} e4 {[%emt 0:00:01]} 4. Qe2 {[%emt 0:00:01]} Nf6 {[%emt 0:00:02]} 5. c4 {[%emt 0:00:02]} Bc5 {[%emt 0:00:04]} 6. Nc3 {[%emt 0:00:01]} O-O {[%emt 0:00:02]} 7. Ng5 {[%emt 0:00:34]} Bf5 {[%emt 0:00:04]} 8. h3 {[%emt 0:00:20]} h6 {[%emt 0:00:03]} 9. h4 {[%emt 0:00:11]} Re8 {[%emt 0:00:08]} 10. g3 {[%emt 0:00:16]} Bg4 {[%emt 0:00:09]} 11. Na4 {[%emt 0:00:23]} Bxe2 {[%emt 0:00:10]} 12. Bxe2 {[%emt 0:00:03]} Bd4 {[%emt 0:00:04]} 13. Nh3 {[%emt 0:00:02]} c6 {[%emt 0:00:05]} 14. dxc6 {[%emt 0:00:03]} Nxc6 {[%emt 0:00:02]} 15. O-O {[%emt 0:00:02]} Nb4 {[%emt 0:00:25]} 16. Nc3 {[%emt 0:00:03]} Nd3 {[%emt 0:00:12]} 17. Kg2 {[%emt 0:00:20]} Rc8 {[%emt 0:00:20]} 18. b3 {[%emt 0:00:07]} Ne5 {[%emt 0:00:15]} 19. Bb2 {[%emt 0:00:06]} Nf3 {[%emt 0:00:03]} 20. Rad1 {[%emt 0:00:06]} Ng4 {[%emt 0:00:16]} 21. Nxe4 {[%emt 0:00:15]} Nxh4+ {[%emt 0:00:27]} 22. gxh4 {[%emt 0:00:02]} Rxe4 {[%emt 0:00:03]} 23. Bf3 {[%emt 0:00:10]} Qxh4 {[%emt 0:00:16]} 24. Bxe4 {[%emt 0:00:10]} Bxb2 {[%emt 0:00:02]} 25. d4 {[%emt 0:00:07]} Nf6 {[%emt 0:00:03]} 26. Bf3 {[%emt 0:00:03]} Rd8 {[%emt 0:00:03]} 27. d5 {[%emt 0:00:05]} Be5 {[%emt 0:00:03]} 28. Rfe1 {[%emt 0:00:06]} Bd6 {[%emt 0:00:02]} 29. Re2 {[%emt 0:00:05]} b6 {[%emt 0:00:02]} 30. Rde1 {[%emt 0:00:03]} g5 {[%emt 0:00:03]} 31. Ng1 {[%emt 0:00:11]} g4 {[%emt 0:00:03]} 32. Be4 {[%emt 0:00:02]} Qh2+ {[%emt 0:00:03]} 33. Kf1 {[%emt 0:00:01]} h5 {[%emt 0:00:05]} 34. Bg2 {[%emt 0:00:11]} h4 {[%emt 0:00:05]} 35. a3 {[%emt 0:00:08]} h3 {[%emt 0:00:02]} 36. Be4 {[%emt 0:00:09]} Qf4 {[%emt 0:00:02]} 37. f3 {[%emt 0:00:07]} h2 {[%emt 0:00:10]} 38. Kg2 {[%emt 0:00:01]} Qg3+ {[%emt 0:00:08]} 39. Kh1 {[%emt 0:00:03]} hxg1=Q+ {[%emt 0:00:03]} 40. Rxg1 {[%emt 0:00:01]} Qh3+ {[%emt 0:00:01]} 41. Rh2 {[%emt 0:00:02]} Qxh2# {[%emt 0:00:02] (Lag: Av=0.62s, max=0.9s)} 0-1

[Event "Stay Safe Play From Home 243"]
[Site "Emanuel Lasker Arena"]
[Date "2020.06.21"]
[Round "1"]
[White "Dukic"]
[Black "Tunca"]
[Result "0-1"]
[WhiteElo "1773"]
[BlackElo "1622"]
[Annotator "NA RC"]
[PlyCount "74"]
[EventDate "2020.06.21"]
[EventType "swiss (blitz)"]

1. c4 {[%emt 0:00:05]} d6 {[%emt 0:00:02]} 2. Nc3 {[%emt 0:00:01]} e5 {[%emt 0:00:05]} 3. Nf3 {[%emt 0:00:02]} f5 {[%emt 0:00:04]} 4. d4 {[%emt 0:00:01]} e4 {[%emt 0:00:05]} 5. Ng5 {[%emt 0:00:02]} Be7 {[%emt 0:00:16]} 6. Nh3 {[%emt 0:00:01]} Bf6 {[%emt 0:00:04]} 7. g3 {[%emt 0:00:03]} Ne7 {[%emt 0:00:02]} 8. Bg2 {[%emt 0:00:01]} O-O {[%emt 0:00:04]} 9. O-O {[%emt 0:00:01]} c5 {[%emt 0:00:04]} 10. d5 {[%emt 0:00:02]} Nd7 {[%emt 0:00:50]} 11. f3 {[%emt 0:00:02]} Ne5 {[%emt 0:00:23]} 12. Qb3 {[%emt 0:00:06]} exf3 {[%emt 0:00:21]} 13. exf3 {[%emt 0:00:02]} N7g6 {[%emt 0:00:09]} 14. Be3 {[%emt 0:00:25]} Rb8 {[%emt 0:00:15]} 15. Rae1 {[%emt 0:00:04]} Bd7 {[%emt 0:00:04]} 16. Re2 {[%emt 0:00:09]} a6 {[%emt 0:00:04]} 17. a4 {[%emt 0:00:02]} b5 {[%emt 0:00:19]} 18. axb5 {[%emt 0:00:03]} axb5 {[%emt 0:00:00]} 19. cxb5 {[%emt 0:00:17]} Qb6 {[%emt 0:00:01]} 20. Nf2 {[%emt 0:00:42]} Bxb5 {[%emt 0:00:04]} 21. Nxb5 {[%emt 0:00:12]} Qxb5 {[%emt 0:00:00]} 22. Qd1 {[%emt 0:00:20]} Nc4 {[%emt 0:00:06]} 23. Bc1 {[%emt 0:00:21]} Nxb2 {[%emt 0:00:12]} 24. Qe1 {[%emt 0:00:28]} Nc4 {[%emt 0:00:22]} 25. f4 {[%emt 0:00:03]} Bd4 {[%emt 0:00:05]} 26. Kh1 {[%emt 0:00:02]} Rfe8 {[%emt 0:00:06]} 27. Re6 {[%emt 0:00:05]} Nf8 {[%emt 0:00:24]} 28. Rxe8 {[%emt 0:00:10]} Rxe8 {[%emt 0:00:00]} 29. Qd1 {[%emt 0:00:02]} Nd7 {[%emt 0:00:01]} 30. Nh3 {[%emt 0:00:04]} Nf6 {[%emt 0:00:02]} 31. Re1 {[%emt 0:00:02]} Rxe1+ {[%emt 0:00:02]} 32. Qxe1 {[%emt 0:00:01]} Qb1 {[%emt 0:00:01]} 33. Qe6+ {[%emt 0:00:13]} Kf8 {[%emt 0:00:01]} 34. Qc8+ {[%emt 0:00:02]} Kf7 {[%emt 0:00:03]} 35. Qe6+ {[%emt 0:00:13]} Kf8 {[%emt 0:00:01]} 36. Qe1 {[%emt 0:00:26]} Be3 {[%emt 0:00:01]} 37. Bd2 {[%emt 0:00:03]} Nxd2 {[%emt 0:00:03] Zeit (Lag: Av=0.36s, max=0.6s)} 0-1

[Event "Stay Safe Play From Home 243"]
[Site "Emanuel Lasker Arena"]
[Date "2020.06.21"]
[Round "1"]
[White "Bishop91"]
[Black "Don59as"]
[Result "0-1"]
[WhiteElo "1640"]
[BlackElo "2065"]
[Annotator "NA RC"]
[PlyCount "70"]
[EventDate "2020.06.21"]
[EventType "swiss (blitz)"]

1. e4 {[%emt 0:00:02]} e5 {[%emt 0:00:02]} 2. Nf3 {[%emt 0:00:02]} Nc6 {[%emt 0:00:01]} 3. d4 {[%emt 0:00:01]} exd4 {[%emt 0:00:09]} 4. Nxd4 {[%emt 0:00:00]} d6 {[%emt 0:00:01]} 5. Nxc6 {[%emt 0:00:21]} bxc6 {[%emt 0:00:02]} 6. Bc4 {[%emt 0:00:00]} Nf6 {[%emt 0:00:02]} 7. Nc3 {[%emt 0:00:07]} Be7 {[%emt 0:00:01]} 8. O-O {[%emt 0:00:07]} O-O {[%emt 0:00:01]} 9. Re1 {[%emt 0:00:03]} Rb8 {[%emt 0:00:01]} 10. Bb3 {[%emt 0:00:03]} Be6 {[%emt 0:00:02]} 11. e5 {[%emt 0:00:07]} dxe5 {[%emt 0:00:06]} 12. Be3 {[%emt 0:00:09]} Bxb3 {[%emt 0:00:09]} 13. axb3 {[%emt 0:00:01]} Nd5 {[%emt 0:00:17]} 14. Bxa7 {[%emt 0:00:08]} Ra8 {[%emt 0:00:09]} 15. Be3 {[%emt 0:00:11]} Nxe3 {[%emt 0:00:16]} 16. Rxe3 {[%emt 0:00:02]} Rxa1 {[%emt 0:00:03]} 17. Qxa1 {[%emt 0:00:01]} Bc5 {[%emt 0:00:03]} 18. Rd3 {[%emt 0:00:02]} Qh4 {[%emt 0:00:08]} 19. g3 {[%emt 0:00:05]} Qg4 {[%emt 0:00:04]} 20. Qe1 {[%emt 0:00:07]} Bd4 {[%emt 0:00:06]} 21. Ne4 {[%emt 0:00:24]} f5 {[%emt 0:00:05]} 22. Nc3 {[%emt 0:00:07]} h5 {[%emt 0:00:12]} 23. Kg2 {[%emt 0:00:02]} h4 {[%emt 0:00:05]} 24. h3 {[%emt 0:00:02]} Qg5 {[%emt 0:00:01]} 25. Qd2 {[%emt 0:00:06]} f4 {[%emt 0:00:05]} 26. g4 {[%emt 0:00:24]} f3+ {[%emt 0:00:15]} 27. Kf1 {[%emt 0:00:02]} Qg6 {[%emt 0:00:09]} 28. Nd1 {[%emt 0:00:09]} Ra8 {[%emt 0:00:08]} 29. Rxd4 {[%emt 0:00:08]} exd4 {[%emt 0:00:02]} 30. Qxd4 {[%emt 0:00:00]} Ra1 {[%emt 0:00:08]} 31. Qd8+ {[%emt 0:00:04]} Kh7 {[%emt 0:00:02]} 32. Qxh4+ {[%emt 0:00:01]} Qh6 {[%emt 0:00:00]} 33. Qd8 {[%emt 0:00:07]} Qxh3+ {[%emt 0:00:03]} 34. Ke1 {[%emt 0:00:03]} Qh1+ {[%emt 0:00:02]} 35. Kd2 {[%emt 0:00:00]} Rxd1+ {[%emt 0:00:02] Bishop91 resigns (Lag: Av=0.53s, max=0.9s)} 0-1

[Event "Stay Safe Play From Home 243"]
[Site "Emanuel Lasker Arena"]
[Date "2020.06.21"]
[Round "1"]
[White "Timbre"]
[Black "Klausen"]
[Result "1-0"]
[WhiteElo "1613"]
[BlackElo "1983"]
[Annotator "TA"]
[PlyCount "95"]
[EventDate "2020.06.21"]
[EventType "swiss (blitz)"]

{[%evp 9,95,0,12,-1,4,-22,2,-22,3,-18,14,12,16,0,18,10,20,20,9,10,28,-9,-10,-15,-14,-14,-11,-22,-8,-9,-2,-8,-5,-15,-9,-16,0,-97,-95,-84,-83,-105,-99,-143,-12,-122,-5,-218,-22,-484,-489,-473,-461,-433,-483,-385,-158,-1034,150,135,358,0,1792,987,835,275,919,0,618,138,452,279,1045,1044,1045,1018,1013,1010,1510,1485,1527,1527,29990,29991,29991,1516,1395,1396]} 1. d4 e6 2. Nf3 Nf6 3. c3 b6 4. Bf4 Bb7 5. e3 Be7 6. Be2 {A47: 1 d4 Nf6 2 Nf3 b6: Torre, London and Colle Systems.} O-O 7. O-O c5 8. Nbd2 {The position is equal.} d6 9. a3 Nbd7 10. h3 Rc8 11. Rc1 Qc7 {[#]} 12. Bg3 $146 ({Predecessor:} 12. Qc2 cxd4 13. exd4 Qb8 14. Rfe1 Rfd8 15. Bd3 Qa8 16. Bh2 a6 17. Re2 b5 18. Rce1 {½-½ (28) Becking,S (2387)-Farago,I (2475) Deizisau 2008}) 12... Ne4 13. Nxe4 Bxe4 14. Nd2 Bc6 15. Bf3 Qb7 16. Bxc6 Qxc6 17. Nf3 Nf6 18. Qe2 Rfd8 19. Bh4 h6 20. Bxf6 Bxf6 21. Rfd1 b5 22. e4 cxd4 23. cxd4 (23. Nxd4 $11 {remains equal.} Qc4 24. Qe3) 23... Qxc1 $17 24. Rxc1 Rxc1+ 25. Kh2 a6 26. e5 Be7 (26... dxe5 $17 27. dxe5 Be7) 27. Qd2 (27. d5 $11 {keeps the balance.}) 27... Rdc8 (27... Rcc8 $17 {With the idea ...dxe5.} 28. Qa5 dxe5 29. Nxe5 Rd6) 28. Qa5 $2 (28. d5 $1 $11 {and White stays safe.}) 28... R8c6 $2 {[#]} (28... d5 $1 $19 29. Qxa6 R8c2) 29. exd6 $2 {[%mdl 8192]} (29. d5 $1 $11 {[%mdl 512] and White is okay.} exd5 30. Nd4 dxe5 31. Nxc6 Rxc6 32. a4 bxa4 33. Qxd5) 29... Bxd6+ $19 30. g3 R1c2 31. Kg2 Rxb2 32. Qd8+ Kh7 (32... Bf8 $19 {is more deadly. Threatens to win with ...Rcc2.} 33. Ne5 Rcc2 $1 {[%mdl 512]}) 33. Qd7 $2 {[#]} (33. Ne1 $17) 33... Rbc2 $2 (33... Rcc2 $1 $19 34. h4 Rxf2+ 35. Kh3 Rxf3 36. Qxd6 Rbb3) 34. Qxf7 $16 Bc7 $2 (34... Rb6 $16 {was called for.}) 35. Nh4 $2 ({White should play} 35. g4 $18 R6c3 36. g5 hxg5 37. Nxg5+ {[%mdl 64] Double Attack} Kh6 38. Nxe6 Rg3+ 39. Kf1 $1 {[%mdl 512]}) 35... e5 $2 {[%mdl 8192]} (35... R6c3 $11) 36. Qf5+ Kg8 37. Qc8+ $2 (37. d5 Rxf2+ 38. Qxf2) 37... Kf7 $2 (37... Kh7 38. Qf5+ Kg8) 38. Qf5+ $2 (38. Qd7+ $18 Kf8 39. Nf5) 38... Ke7 $2 {[%mdl 8192]} (38... Kg8 $11) 39. dxe5 $2 (39. Ng6+ $18 {has better winning chances.} Kd8 40. Qf8+ {[%mdl 64] Double Attack} Kd7 41. Qxg7+ Kd8 42. Qg8+ Kd7 43. dxe5) 39... R2c5 $2 {[%mdl 8192]} (39... Bb6 $16 {is tougher.} 40. Ng6+ Kd8 41. Qf8+ {[%mdl 64] Double Attack} Kc7 42. Qxg7+ {[%mdl 64] Double Attack} Kb8) 40. Ng6+ Kd8 $2 (40... Rxg6 41. Qxg6 {[%mdl 64] Double Attack} Bxe5 42. Qxa6 Bd6 43. Qa7+ Kf6) 41. Qf8+ $18 {[%mdl 64] Double Attack} Kd7 42. Qf7+ Kc8 43. Ne7+ Kb7 44. Nxc6 Rxc6 45. e6 {White threatens e7 and mate.} Kb6 46. e7 Rf6 47. Qxf6+ (47. Qg8 $142 h5 48. e8=Q a5 {[#]} 49. Qd5 $1 {[%mdl 576] Double Attack} Rxf2+ 50. Kxf2 Bxg3+ 51. Kf1 $1 {[%mdl 512]} h4 52. Qexb5+ {[%mdl 64] Double Attack} Kc7 53. Qdd7#) 47... gxf6 48. e8=Q {Never resign too early! Accuracy: White = 45%, Black = 33%.} 1-0

[Event "Stay Safe Play From Home 243"]
[Site "Emanuel Lasker Arena"]
[Date "2020.06.21"]
[Round "1"]
[White "Justwatch"]
[Black "Josey wales"]
[Result "0-1"]
[WhiteElo "1549"]
[BlackElo "1931"]
[Annotator "TA"]
[PlyCount "78"]
[EventDate "2020.06.21"]
[EventType "swiss (blitz)"]

{[%evp 9,78,26,47,15,20,-50,0,6,27,10,13,1,60,67,55,70,102,24,16,0,0,0,0,0,0,0,0,0,0,0,0,-149,-141,-499,-127,-374,-362,-360,-311,-356,-327,-258,-137,-300,-190,-478,-349,-341,-304,-411,-131,-339,-286,-698,-711,-686,-686,-726,-709,-850,-708,-1283,-968,-1241,-716,-1655,-1376,-1918,-1081,-29988,-29988]} 1. Nc3 d6 2. e4 Nc6 3. Bb5 Bd7 4. Nf3 e5 5. d3 Nge7 6. Bg5 {C62: Ruy Lopez: Steinitz Defence.} f6 7. Bh4 {[#]} (7. Be3 $11) 7... Ng6 $146 ({Better is} 7... h5 $15) ({Predecessor:} 7... a6 8. Bc4 Ng6 9. Bg3 Bg4 10. h3 Bxf3 11. gxf3 Nd4 12. Nd5 c6 13. c3 cxd5 14. Bxd5 {0-1 (41) Calvino Vazquez,G-Prieto Busto,G Aviles 2003}) 8. Bg3 $11 {The position is equal.} Be7 9. a3 a6 10. Bc4 Na5 ({Black should try} 10... f5 $11 11. exf5 Bxf5) 11. Ba2 $14 Nc6 12. Nd5 Qc8 13. Nxe7 (13. h4 $16) 13... Ncxe7 $11 14. h3 Be6 15. Bxe6 Qxe6 16. O-O O-O 17. d4 exd4 18. Nxd4 Qxe4 19. Re1 Qd5 20. Qg4 {Black continues to play with concentration.} (20. c4 $1 $11 Qf7 21. c5) 20... f5 $40 {[%mdl 128] Black goes for the king.} 21. Qg5 $2 {[%mdl 8192]} (21. Qd1 $17 {is more resistant.}) 21... Rf6 $2 (21... Qxd4 $19 22. Rxe7 Nxe7 23. Qxe7 Qxb2 24. Qe6+ Kh8) 22. Rxe7 $2 (22. Rad1 $17) 22... Nxe7 $19 23. Re1 Qf7 (23... Qxd4 $2 24. Rxe7 Rf7 25. Rxf7 $17) 24. Bh4 h6 25. Qg3 Rg6 (25... f4 $19 26. Qb3 Qxb3 27. cxb3 Rf7 28. Rxe7 Rxe7 29. Bxe7 Kf7) 26. Qc3 $2 (26. Rxe7 $17 {keeps fighting.} Qxe7 27. Bxe7 Rxg3 28. fxg3) 26... Nd5 27. Qc4 $2 (27. Qf3) 27... c6 28. Qb3 Rc8 29. c4 Nf6 $2 (29... Nf4 $19 {and Black stays clearly on top.} 30. Bg3 {[#]} Nxh3+ $1 {[%mdl 512]} 31. Kf1 Ng5) 30. Re3 $2 (30. Nxf5 $17 Re8 31. Rxe8+ Qxe8 32. Nxd6) 30... Ne4 31. Rf3 $2 (31. f3 Ng5 32. Bxg5 hxg5 33. c5) 31... Nd2 {[%mdl 64] Double Attack} 32. Qc3 Nxf3+ 33. Qxf3 f4 34. g4 Re8 35. Nf5 Qxc4 36. b3 {[#]} Qe4 $1 37. Qc3 d5 38. a4 Qe1+ 39. Kg2 Qxc3 {Accuracy: White = 35%, Black = 41%.} 0-1

[Event "Stay Safe Play From Home 243"]
[Site "Emanuel Lasker Arena"]
[Date "2020.06.21"]
[Round "2"]
[White "Josey wales"]
[Black "Timbre"]
[Result "0-1"]
[WhiteElo "1934"]
[BlackElo "1643"]
[Annotator "TA"]
[PlyCount "144"]
[EventDate "2020.06.21"]
[EventType "swiss (blitz)"]

{[%evp 9,144,11,52,0,14,9,30,35,30,-6,0,-14,-5,-12,-12,-13,1,-10,0,-13,5,0,14,10,13,10,12,15,12,12,14,8,21,11,12,0,0,0,0,0,0,0,0,-33,-20,-72,0,0,5,-150,-141,-135,-144,-233,-67,-119,-74,-304,-297,-231,-220,-331,-131,-145,-135,-175,-87,-148,-149,-117,-131,-140,0,-148,-93,-29993,-635,-614,-606,-589,-583,-29993,-29994,-29994,-29995,-29995,-6207,-5157,-5157,-29985,-2024,-29973,-29973,-2650,-981,-29975,-29972,-29970,-5577,-6175,-1614,-1520,-1531,-1194,-738,-738,0,-920,-910,-29990,-29991,-29991,-29992,-29993,-29993,-29993,-29994,-29997,-29995,-29995,-29995,-29996,-29993,-29993,-29994,-29994,-29995,-29995,-29996,-29996,-29997,-29997,-29998,-29998,-29998,-29998,-29999]} 1. e4 c6 2. Nc3 d5 3. d3 dxe4 4. dxe4 Qc7 5. Nf3 Bg4 (5... e5 {seems wilder.} 6. Bc4 b5 7. Bd3 Nf6 8. a4 b4) 6. Be2 {[#] B11: Caro-Kann: Two Knights Variation.} ({White should try} 6. Be3 $14) 6... Bxf3 $146 (6... Nf6 {keeps more tension.} 7. O-O Bxf3 8. Bxf3 e6 9. Qe2 Bd6) ({Predecessor:} 6... e6 7. O-O Nd7 8. Re1 Bd6 9. Qd4 e5 10. Qe3 Ngf6 11. Qg5 O-O 12. Nh4 h6 {½-½ (61) Gemsova,T-Pirhala,L (1445) Ostrava 2012}) 7. Bxf3 e6 8. Qe2 {White has an edge.} Nf6 9. Bg5 Be7 10. O-O Nbd7 11. Rfd1 O-O 12. g3 Ne5 13. Bf4 Nxf3+ 14. Qxf3 e5 15. Be3 a6 16. Qe2 Rad8 17. f3 Rxd1+ 18. Rxd1 Rd8 19. Kg2 Rxd1 20. Qxd1 h6 21. Qd2 Nh7 22. Ne2 Bg5 23. f4 exf4 24. gxf4 Bf6 25. e5 Be7 26. Bd4 Nf8 27. Qe3 (27. h3 $11 {keeps the balance.}) 27... Ne6 (27... c5 $17 28. Bc3 Qc6+ 29. Qf3 Qg6+ 30. Kf2 Qxc2 31. Qxb7 {[%mdl 64] Double Attack} Bd8) 28. Bb6 $11 Qd7 {Hoping for ...c5.} 29. c4 $2 (29. f5 $11) 29... c5 30. Ba5 Qc6+ 31. Kg3 (31. Qf3 $17 Qa4 {[%mdl 64] Double Attack} 32. Bd2) 31... b5 $2 (31... Qh1 $19 32. h3 h5) 32. cxb5 (32. Nc3 $15) 32... axb5 $17 {[%cal Ba6b5,Bb5b4][%mdl 32]} 33. Bc3 $2 (33. f5 $17 Nf8 34. a3) 33... b4 $19 34. Bd2 Qd7 35. b3 {[#]} (35. Bc1 {might work better.} Qd1 36. Qf3) 35... Nf8 $2 (35... c4 $1 $19 {[%mdl 512] is more deadly.} 36. Bc1 (36. bxc4 Bc5) 36... c3) 36. Nc1 Ng6 37. Nd3 {[#]} Bh4+ (37... Qc6 $1 $19 {And now ...Nh4 would win.} 38. e6 fxe6) 38. Kg2 (38. Kf3 $142) 38... Qg4+ $17 39. Kf1 Qd1+ 40. Kg2 {[#]} Qg4+ (40... Be7 $1 $17 41. Kf2 Qc2) 41. Kh1 (41. Kf1 $1 $11) 41... Be7 ({Better is} 41... Ne7 {...Qd1+ is the strong threat.} 42. Nc1 Nf5) 42. Nxc5 $2 {[%mdl 8192]} (42. Be1 $17) 42... Bxc5 (42... Nh4 $142 43. Qg3 Qe2 44. h3 Bxc5 45. Be3 Bxe3 46. a4 Qf1+ {[%mdl 64] Double Attack} 47. Kh2 Nf3+ {[%mdl 64] Overworked Piece} 48. Qxf3 Qg1#) 43. Qxc5 $19 Qd1+ 44. Kg2 Qxd2+ {[%mdl 64] Double Attack} 45. Kg3 Qxf4+ {[%mdl 64] Double Attack} 46. Kg2 Nh4+ 47. Kg1 Nf3+ (47... Qg5+ $142 48. Kf2 Qd2+ {[%mdl 64] Double Attack} 49. Kf1 Qg2+ 50. Ke1 Nf3+ {[%mdl 64] Double Attack} 51. Kd1 Qd2#) 48. Kg2 Qg4+ 49. Kf2 Nxh2 (49... Qg1+ $142 50. Kxf3 Qxc5 51. Ke4 Qc2+ 52. Kd5 Qxa2 53. Kc4 Qxh2 54. e6 Qf4+ 55. Kd5 fxe6+ 56. Kc5 h5 57. Kb6 h4 58. Kb5 h3 59. Kb6 h2 60. Kc6 h1=Q+ 61. Kc5 Qd5+ {[%mdl 64] Double Attack} 62. Kb6 Qb8+ 63. Ka6 Qbb7#) 50. Qd5 Qf4+ 51. Ke2 Ng4 {( -> ...Qe3+)} 52. e6 Qf2+ 53. Kd3 Qe3+ (53... Qg3+ $142 54. Ke2 Qe3+ 55. Kd1 fxe6 56. Qd2 Qe4 57. Qd6 Qb1+ 58. Ke2 Qxa2+ 59. Kf3 Nh2+ 60. Ke4 Qc2+ 61. Qd3 Qc6+ 62. Ke3 h5 63. Ke2 Qg2+ 64. Kd1 Nf3 65. Qd8+ Kh7 66. Qd3+ g6 67. Kc1 h4 68. Qe4 h3 69. Qxe6 Qg5+ 70. Kb1 Qf5+ 71. Qxf5 gxf5 72. Kc2 Ne5 73. Kd2 f4 74. Kd1 h2 75. Ke2 h1=Q 76. Kd2 Qh2+ 77. Kd1 f3 78. Kc1 Nd3+ 79. Kd1 Qe2#) 54. Kc4 fxe6 55. Qd8+ Kh7 56. Kxb4 Qe4+ 57. Kc3 Qe3+ $2 (57... Qe1+ $19 58. Qd2 Qe5+ 59. Kc4 Ne3+ 60. Kb4 h5 61. Qd3+ g6 62. Qd7+ Kh6) 58. Kc4 $2 {[%mdl 8192]} (58. Kb4 $11 Nf6 59. Kc4) 58... Ne5+ 59. Kb4 Nc6+ {[%mdl 64] Double Attack. Black mates.} 60. Kb5 Nxd8 61. a4 Qe5+ 62. Kb6 Qd6+ 63. Ka5 Nc6+ 64. Kb5 e5 65. a5 {[#]} Nxa5 $1 {[%mdl 64] Promotion} 66. Kxa5 e4 67. b4 e3 68. b5 e2 69. b6 e1=Q+ 70. Ka6 Qa1+ 71. Kb7 Qd7+ 72. Kb8 Qa6 {Accuracy: White = 46%, Black = 68%.} 0-1

[Event "Stay Safe Play From Home 243"]
[Site "Emanuel Lasker Arena"]
[Date "2020.06.21"]
[Round "2"]
[White "Haris kollari 13"]
[Black "Bishop91"]
[Result "1-0"]
[WhiteElo "1834"]
[BlackElo "1638"]
[Annotator "NA"]
[PlyCount "67"]
[EventDate "2020.06.21"]
[EventType "swiss (blitz)"]

1. e4 {[%emt 0:00:02]} e6 {[%emt 0:00:03]} 2. f4 {[%emt 0:00:01]} d5 {[%emt 0:00:02]} 3. e5 {[%emt 0:00:01]} c5 {[%emt 0:00:01]} 4. b3 {[%emt 0:00:01]} Nc6 {[%emt 0:00:01]} 5. c3 {[%emt 0:00:00]} Nge7 {[%emt 0:00:04]} 6. Nf3 {[%emt 0:00:06]} h6 {[%emt 0:00:04]} 7. Bd3 {[%emt 0:00:01]} Qb6 {[%emt 0:00:06]} 8. Bc2 {[%emt 0:00:02]} d4 {[%emt 0:00:03]} 9. c4 {[%emt 0:00:01]} Nb4 {[%emt 0:00:02]} 10. Be4 {[%emt 0:00:05]} d3 {[%emt 0:00:06]} 11. Na3 {[%emt 0:00:04]} Nec6 {[%emt 0:00:05]} 12. Bb2 {[%emt 0:00:01]} Be7 {[%emt 0:00:08]} 13. O-O {[%emt 0:00:01]} O-O {[%emt 0:00:03]} 14. Bc3 {[%emt 0:00:01]} a5 {[%emt 0:00:02]} 15. Nb5 {[%emt 0:00:06]} Nc2 {[%emt 0:00:17]} 16. Rc1 {[%emt 0:00:05]} N6b4 {[%emt 0:00:06]} 17. a3 {[%emt 0:00:08]} Na2 {[%emt 0:00:01]} 18. Bxd3 {[%emt 0:00:02]} Nxc1 {[%emt 0:00:03]} 19. Bxc2 {[%emt 0:00:02]} Nxb3 {[%emt 0:00:06]} 20. Bxb3 {[%emt 0:00:01]} a4 {[%emt 0:00:00]} 21. Bc2 {[%emt 0:00:01]} Rd8 {[%emt 0:00:02]} 22. Qe2 {[%emt 0:00:02]} Bd7 {[%emt 0:00:03]} 23. Qe4 {[%emt 0:00:02]} g6 {[%emt 0:00:04]} 24. h4 {[%emt 0:00:11]} Bxb5 {[%emt 0:00:03]} 25. cxb5 {[%emt 0:00:01]} Qxb5 {[%emt 0:00:01]} 26. h5 {[%emt 0:00:01]} c4 {[%emt 0:00:16]} 27. hxg6 {[%emt 0:00:03]} Bc5+ {[%emt 0:00:00]} 28. Kh1 {[%emt 0:00:04]} Kf8 {[%emt 0:00:04]} 29. gxf7 {[%emt 0:00:03]} Ke7 {[%emt 0:00:18]} 30. f5 {[%emt 0:00:01]} exf5 {[%emt 0:00:03]} 31. Qxf5 {[%emt 0:00:01]} Qd7 {[%emt 0:00:02]} 32. Qf6+ {[%emt 0:00:04]} Kf8 {[%emt 0:00:03]} 33. e6 {[%emt 0:00:04]} Qc7 {[%emt 0:00:23]} 34. Ne5 {[%emt 0:00:06] Bishop91 resigns (Lag: Av=0.36s, max=0.5s)} 1-0